000 00638nam a2200193Ia 4500
003 GCL
008 140319s9999 xx 000 0 ara d
040 _aGCL /
_cGCL
082 0 4 _a320.54
_bى ن
100 1 _aياسين سويد
245 1 0 _aنحو استراتيجية جادة لعمل عربى موحد /
_cياسين سويد
300 _a260 ص
490 _aالهيئة العامة للاستعلامات
_v0
650 0 4 _aالوحدة العربية
650 0 4 _aالصهيونية
650 0 4 _aالقومية العربية
650 0 4 _aالعالم العربى - الاحوال السياسية
942 _2ddc
_cBK
999 _c49217
_d49217